书目信息 |
| 题名: |
传播的偏向
|
|
| 作者: | 伊尼斯 著 ;何道宽 译 | |
| 分册: | ||
| 出版信息: | 北京 中国传媒大学出版社 2013.01 |
|
| 页数: | 480页 | |
| 开本: | 22cm | |
| 丛书名: | 新闻学与传播学经典译丛 | |
| 单 册: | ||
| 中图分类: | H319.4:G210 , G210 | |
| 科图分类: | ||
| 主题词: | 新闻学--汉语--对照读物 , 新闻学--传播学--研究 , 英语 , 汉语 , 新闻学 , 传播学 , 新闻工作 | |
| 电子资源: | ||
| ISBN: | 978-7-5657-0624-0 | |
| 000 | 01234oam2 2200373 450 | |
| 001 | 010050023222 | |
| 005 | 20130504102414.54 | |
| 010 | @a978-7-5657-0624-0@b精装@dCNY59.80 | |
| 100 | @a20130130d2013 em y0chiy50 ea | |
| 101 | 2 | @achi@aeng@ceng |
| 102 | @aCN@b110000 | |
| 105 | @ay z 000yy | |
| 106 | @ar | |
| 200 | 1 | @a传播的偏向@9chuan bo de pian xiang@dThe bias of communication@e英文(双语版)@f(加)哈罗德·伊尼斯(Harold Innis)著@g何道宽译@zeng |
| 205 | @a修订版 | |
| 210 | @a北京@c中国传媒大学出版社@d2013.01 | |
| 215 | @a480页@d22cm | |
| 225 | 2 | @a新闻学与传播学经典译丛@i大师系列 |
| 330 | @a本书共分为八章,主要内容包括:密涅瓦的猫头鹰;传播的偏向;时间的诉求;空间的问题;产业主义与文化价值等。 | |
| 462 | 0 | @12001 @a大师系列@1701 0@a展江@4主编 |
| 510 | 1 | @aBias of communication@zeng |
| 606 | 0 | @a新闻学@x汉语@j对照读物 |
| 606 | 0 | @a新闻学@x传播学@x研究 |
| 606 | 0 | @a英语 |
| 606 | 0 | @a汉语 |
| 606 | 0 | @a新闻学 |
| 606 | 0 | @a传播学 |
| 606 | 0 | @a新闻工作 |
| 690 | @aH319.4:G210@v5 | |
| 690 | @aG210@v4 | |
| 701 | 0 | @c(加)@a伊尼斯@9yi ni si@c(Innis, Harold@f1894-1952)@4著 |
| 702 | 0 | @a何道宽@9he dao kuan@4译 |
| 801 | 0 | @aCN@b人天书店@c20130130 |
| 905 | @b542896-900@dG210@e495=2@f5 | |
| 传播的偏向=The bias of communication:英文(双语版)/(加)哈罗德·伊尼斯(Harold Innis)著/何道宽译.-修订版.-北京:中国传媒大学出版社,2013.01 |
| 480页;22cm.-(新闻学与传播学经典译丛.大师系列) |
| ISBN 978-7-5657-0624-0(精装):CNY59.80 |
| 本书共分为八章,主要内容包括:密涅瓦的猫头鹰;传播的偏向;时间的诉求;空间的问题;产业主义与文化价值等。 |
| ● |
| 相关链接 |
|
|
|
|
正题名:传播的偏向
索取号:G210/495=2
 
预约/预借
| 序号 | 登录号 | 条形码 | 馆藏地/架位号 | 状态 | 备注 |
| 1 | 542896 | 205428964 | 第一样本阅览室/ [索取号:G210/495=2] | 在馆 | |
| 2 | 542897 | 205428973 | 第四借阅区/ [索取号:G210/495=2] | 在馆 | |
| 3 | 542898 | 205428982 | 第四借阅区/ [索取号:G210/495=2] | 在馆 | |
| 4 | 542899 | 205428991 | 第四借阅区/ [索取号:G210/495=2] | 在馆 | |
| 5 | 542900 | 205429008 | 密集书库-文学院/ [索取号:G210/495=2] | 在馆 |